[Event "IECG CF.2006.0.00077 email"]
[Site "IECG email"]
[Date "2006.01.18"]
[Round "1"]
[White "Hughes, Chris"]
[Black "Sana, Mens"]
[Result "0-1"]
[WhiteElo "757"]
[BlackElo "1000"]
[PlyCount "52"]
[EventDate "2006.01.18"]
[EventType "tourn (corr)"]
[EventRounds "6"]
[SourceTitle "Corr 2008"]
[Source "ChessBase"]
[SourceDate "2008.06.24"]
[SourceVersion "1"]
[SourceVersionDate "2008.06.24"]
[SourceQuality "1"]

1. d4 d5 2. c4 dxc4 3. Nf3 b5 4. a4 c6 5. e3 e6 6. b3 Bb4+ 7. Bd2 Bxd2+ 8. Nfxd2 cxb3 9. axb5 b2 10. Ra2 Ne7 11. Rxb2 0-0 12. Bd3 cxb5 13. Rxb5 Nd7 14. 0-0 Ba6 15. Rb3 Bxd3 16. Rxd3 Nd5 17. Ra3 Qe7 18. Nc4 Rac8 19. Qb3 N7b6 20. Nbd2 Nxc4 21. Nxc4 Rxc4 22. Rxa7 Rc7 23. Raa1 Rfc8 24. Qd1 Qf6 25. g3 Nc3 26. Qe1 Qf3 0-1